000 09981aam a2200637 i 4500
001 768714001
003 CO-MdFUSB
005 20220622062540.0
007 ta
008 160907t2010 -usad||| |||| 00| 0 eng d
020 _a9780801031922
020 _a9780801031908
020 _a9780801031885
_qActs
020 _a9780801032752
020 _a9780801031281
020 _a9780801033391
020 _a9780801031915
020 _a9780801032271
020 _a9780801036347
040 _cCO-MdFUSB
_dCO-MdFUSB
_bEspañol
_erda
_aCO-MdFUSB
041 _aspa
082 _223
_a225.7
_bP142
245 1 0 _aPaideia :
_bCommentaries on the New Testament
_c/ Editores generales: Mikeal C. Pearsons , Charles H. Talbert y Bruce W. Longenecker.
264 1 _aEstados Unidos :
_bBaker Academic,
_c[2010]
264 4 _c© 2010
300 _a376 páginas
_c; 23 cm
336 _2rdacontent
_atexto
_btxt
337 _2rdamedia
_asin mediación
_bn
338 _2rdacarrier
_avolumen
_bnc
490 _aPaideia : Comentaries on the New Testament
505 _aMattew / Charles H. Talbert -- Luke / Mikeal C. Parsons -- Acts / Mikeal C. Parsons -- Galatians / Peter Oakes . -- Ephesians and Colossians / Charles H. Talbert -- Philippians and Philemon / James W. Thompson, Bruce W. Longenecker. -- Hebrews / James W. Thompson -- First and Second Peter / Jhon Painter, David deSilva -- James and Jude / Duane F. Watson, Terrance Callan.
505 0 0 _aMattew / Charles H. Talbert : Mateo 1: 1-2: 23. Narrativas de nacimiento - Mateo 3: 1-8: 1. Parte 1: Comienza el ministerio de Jesús - Mateo 8: 2-11: 1. Parte 2: Se revela la autoridad de Jesús - Mateo 11: 2-13: 53. Parte 3: El ministerio de Jesús crea división - Mateo 13: 54-19: 2. Parte 4: Jesús se enfoca en sus discípulos - Mateo 19: 3-26: 1a. Parte 5: Jesús y el juicio - Mateo 26: 1b-28: 20. Narrativa de pasión y resurrección.
505 0 0 _aLuke / Mikeal C. Parsons Parte 1: Orígenes y entrenamiento de Jesús (Lucas 1: 1-4: 13). Prefacio (Lucas 1: 1-4) - Anunciaciones Juan y Jesús (Lucas 1: 5-56) - Nacimiento y formación de Juan y Jesús (1: 57-2: 52) - inicio del ministerio público de Jesús (Lucas 3: 1-4: 13) - Parte 2: Palabras y hechos poderosos de Jesús en Galilea (Lucas 4: 14-9: 50) - Palabras y hechos maravillosos de Jesús (Lucas 4: 14-6: 49) - Milagros de Jesús y Misión y el envío de sus seguidores (Lucas 7: 1-8: 56) - Parte 3: Palabras y hechos poderosos de Jesús a lo largo del camino (Parte 1) (Lucas 9: 51-14: 35). Comenzando el viaje (Lucas 9: 51-11: 13) - Jesús en diálogo (Lucas 11: 14-13: 9) - Más curaciones y parábolas (Lucas 13: 10-14: 35) - Parte 4: Jesús Poderosas palabras y hechos a lo largo del camino (Parte 2) (Lucas 15: 1-19: 44) - El carácter de Dios y las parábolas perdidas (Lucas 15: 1-32) - El uso y abuso de la riqueza (Lucas 16: 1-17: 10) - Jesús enseña sobre el Reino (Lucas 17: 11-18: 30) ) - Acercándose a Jerusalén (Lucas 18: 31-19: 44). Parte 5: Jesús en Jerusalén: enseñanzas, muerte y resurrección (Lucas 19: 45-24: 53) - Jesús en el templo y sus alrededores (Lucas 19: 45-21: 38) - El significado y la manera de la muerte de Jesús (Lucas 22: 1-23: 49) - Entierro de Jesús, tumba vacía y apariciones posteriores a la resurrección (Lucas 23: 50-24: 53).
505 0 0 _aActs / Mikeal C. Parsons Parte 1: Hechos 1 - 7, el sentido de un comienzo -Hechos 1, el comienzo de la iglesia - Hechos 2, el milagro y el significado de Pentecostés - Hechos 3: 1 - 4: 31, la curación de un cojo - Hechos 4:32 - 5:42 , tensiones internas y externas - Hechos 6 - 7, Esteban y los siete - Parte 2: Hechos 8-12, más allá de Jerusalén: Felipe, Saulo , Pedro y otros - Hechos 8, Felipe: un hombre en una misión - Hechos 9: 1 - 31, Saulo y Ananías: conversión y llamado - Hechos 9: 32 - 11:18, Pedro: sus palabras y hechos - Hechos 11: 19-12 : 25, Bernabé, Pedro y Herodes - Parte 3: Hechos 13 - 19, la misión de Pablo al mundo gentil - Hechos 13-14 , la campaña misionera inicial de Pablo - Hechos 15: 1 - 16: 5, la Conferencia de Jerusalén - Hechos 16: 6 - 17:15, Pablo en Macedonia - Hechos 17: 16-18: 17, Pablo en Acaya - Hechos 18: 18-19: 41, Pablo en Éfeso - Parte 4: Hechos 20/28, el viaje de despedida de Pablo - Hechos 20: 1 - - 21:16, último viaje de Pablo a Jerusalén - Hechos 21: 17 - 23: 35, Pablo en Jerusalén - Hechos 24-26, Pablo ante Félix, Festo y Agripa - Hechos 27-28 , la viaje por mar a Roma.
505 0 0 _aGalatians / Peter Oakes: Gálatas 1: 1-10: Apertura de la carta - Gálatas 1: 11-24: Narrativa 1: De un evangelio revelado por Dios, no personas - Gálatas 2: 1-10: Narrativa 2: De un evangelio afirmado por la unidad en Jerusalén - Gálatas 2: 11-21: Narrativa 3: De un evangelio traicionado por división en Antioquía - Gálatas 3: 1-14: Argumento 1: Para la bendición en Cristo por medio de la confianza - Gálatas 3: 15-29: Argumento 2: Por la unidad en Cristo - Gálatas 4: 1-11: Argumento 3: Contra el regreso a la esclavitud - Gálatas 4: 12-20: Instrucciones con el argumento 1: "Sé como yo" - Gálatas 4: 21-5: 13a: Instrucciones con el argumento 2: "No vuelvan a estar sujetos a ... la esclavitud" - Gálatas 5: 13b-6: 10: Instrucciones con el argumento 3: "Por amor, sean esclavos los unos de los otros" - Gálatas 6: 11-18: Cierre de la carta.
505 0 0 _aEphesians and Colossians / Charles H. Talbert : Efesios y Colosenses es el primero de los dieciocho volúmenes de la nueva serie de comentarios de Paideia. Esta serie aborda cada texto en su forma canónica final, procediendo por unidades de sentido en lugar de palabra por palabra o verso por verso. Cada unidad de sentido se explora en tres secciones: (1) cuestiones introductorias, (2) trazar el hilo del pensamiento, (3) cuestiones hermenéuticas y teológicas clave. Los comentarios arrojan nueva luz sobre el texto evitando lecturas idiosincrásicas, atienden al significado teológico sin presumir una postura teológica específica en el lector y muestran cómo el texto utiliza estrategias narrativas y retóricas del antiguo contexto educativo para formar y moldear al lector. Los profesores, los estudiantes de posgrado y seminario y los pastores se beneficiarán de este comentario legible, al igual que las bibliotecas teológicas.
505 0 0 _a Philippians and Philemon / James W. Thompson, Bruce W. Longenecker : Filipenses / James W. Thompson. Introducción a Filipenses - Filipenses 1: 1-11: Parte 1, Exordio: Acción de gracias y oración por la formación moral - Filipenses 1: 12-26: Parte 2, Narrativo: El avance presente y futuro del Evangelio - Filipenses 1: 27-30: Parte 3, Propositivo: Ciudadanos unidos en una comunidad alternativa - Filipenses 2: 1-4: 1: Parte 4, Probativo: Ejemplos de vida fiel - Filipenses 2: 1-11: El último ejemplo - Filipenses 2: 12-18: Siguiendo el ejemplo de Cristo - Filipenses 2: 19-30: Los ejemplos de Timoteo y Epafrodito - Filipenses 3: 1-4: 1: El ejemplo de Pablo - Filipenses 4: 2-23: Parte 5, Peroratio: Resumen del caso Filemón / Bruce W. Longenecker. Introducción a Filemón - Filemón 1-3: Preparando el escenario, Parte 1 - Filemón 4-7: El carácter de Filemón, ilustrado por sus acciones pasadas - Filemón 8-16: Preparando el escenario, Parte 2 - Filemón 17-22: Viviendo a la altura el personaje - Filemón 23-25: Saludos finales.
505 0 0 _aHebrews / James W. Thompson : Hebreos 1: 1-4: encontrar la última palabra de Dios - Hebreos 1: 5-2: 4: prestar atención a la palabra de Dios - Hebreos 2: 5-18: el sufrimiento presente de la comunidad - Hebreos 3: 1-4: 13 : escuchar la voz de Dios hoy -Hebreos: 4: 14-5: 10: acercarnos y sostenernos firmemente - Hebreos 5: 11-6: 20: prepararse para escuchar la palabra que es difícil de explicar - Hebreos 7: el sacerdocio de Melquisedec como el ancla del alma - Hebreos 8: la obra de sacrificio de Cristo como la seguridad de las promesas de Dios - Hebreos 9: 1-10: 18: el sacrificio supremo en el santuario celestial - Hebreos 10: 19-31 : acercándose y sosteniéndose firmemente en una fe inquebrantable - Hebreos 10: 32-39: recordando la fidelidad de los días anteriores - Hebreos 11: 1-12: 3: recordando a los héroes fieles del pasado - Hebreos 12: 4-13: aguantando fielmente en medio del sufrimiento - Hebreos 12: 14-29: escuchando al que habla desde el cielo - Hebreos 13: llevando la palabra de exhortación.
505 0 0 _aFirst and Second Peter / Jhon Painter, David deSilva: Primero Pedro. La provisión de Dios para la salvación y el estatus de los cristianos ante Dios - Viviendo honorablemente entre los gentiles - Exhortaciones sobre el sufrimiento fiel entre los gentiles y conclusión - Segunda de Pedro. la apertura de la carta - El cuerpo de la carta - El cierre de la carta.
505 0 0 _aJames and Jude / Duane F. Watson, Terrance Callan: I. James: Prefacio a James; Introducción a James; Dirección / saludo; Epítome de la exhortación de Santiago; Advertencia contra la parcialidad; Fe y obras; La lengua ; Dios y el mundo; Amonestaciones y advertencias; Consejo pastoral final - II. Judas: Prefacio a Judas; Introducción a Judas; Apertura de cartas; El comportamiento de los intrusos iluminado por la historia; El comportamiento de los intrusos iluminado por la historia, la naturaleza y la profecía; Exhortaciones y conclusión.
563 _aRústico
653 _aNuevo Testamento
653 _aCrítica, interpretación, etc.
700 _95034
_aTalbert, Charles H. ‎
_eautor
700 _95035
_aParsons, Mikeal Carl,
_eautor
700 _95036
_aOakes, Peter ‎
_eautor
700 _95037
_aThompson, James W. ‎
_eautor
700 _95038
_aLongenecker, Bruce W.
_eautor
700 _aPainter, John. ‎
_eautor
_95040
700 1 _9518
_aDeSilva, David Arthur
_eautor
700 _95041
_aWatson, Duane F.
_eautor
700 _95042
_aCallan, Terrance. ‎
_eautor
942 _cREF
945 _aJTF-925
_bAEM-53
999 _c47133
_d47133